| 000 | nam a22 7a 4500 | ||
|---|---|---|---|
| 999 |
_c56408 _d56408 |
||
| 003 | OSt | ||
| 005 | 20230322124903.0 | ||
| 008 | 230322b xxu||||| |||| 00| 0 eng d | ||
| 040 | _cIIMT UNIVERSITY | ||
| 100 | _aKUMAR, SUNIL | ||
| 245 | _aIDENTIFICATION OF NODE FAILURE AND LINK FAILURE AND IMPROVE THE QUALITY OF SERVICE IN MANET USING HPO OPTIMIZATION AND MAINTAIN THE NETWORK SECURITY | ||
| 260 |
_aMEERUT _bIIMT UNIVERSITY _c2023 |
||
| 300 | _a217 | ||
| 942 |
_2ddc _c06 |
||